Śāstrasannyāsa / (Record no. 83494)

MARC details
000 -LEADER
fixed length control field 00691nam a2200229 a 4500
001 - CONTROL NUMBER
control field sa 68010706
003 - CONTROL NUMBER IDENTIFIER
control field DLC
005 - DATE AND TIME OF LATEST TRANSACTION
control field 20260227112554.0
008 - FIXED-LENGTH DATA ELEMENTS--GENERAL INFORMATION
fixed length control field 980923s1957 ii 000 0 mar
010 ## - LIBRARY OF CONGRESS CONTROL NUMBER
LC control number sa 68010706
040 ## - CATALOGING SOURCE
Original cataloging agency DLC
Transcribing agency DLC
041 1# - LANGUAGE CODE
Language code of text/sound track or separate title mar
Language code of original eng
050 00 - LIBRARY OF CONGRESS CALL NUMBER
Classification number PS3515.E7
Item number F346
100 1# - MAIN ENTRY--PERSONAL NAME
Personal name Hemingway, Ernest,
Dates associated with a name 1899-1961.
240 10 - UNIFORM TITLE
Uniform title Farewell to arms.
Language of a work Marathi
245 10 - TITLE STATEMENT
Title Śāstrasannyāsa /
Statement of responsibility, etc. lekhaka Arnesṭa Hemingve ; anuvādaka, Vināyaka Viṭhṭhala Daḷavī.
250 ## - EDITION STATEMENT
Edition statement 1. āvr̥tti.
260 ## - PUBLICATION, DISTRIBUTION, ETC.
Place of publication, distribution, etc. Mumbaī :
Name of publisher, distributor, etc. Parla Pablikeśansa,
Date of publication, distribution, etc. 1957.
300 ## - PHYSICAL DESCRIPTION
Extent 317 p. ;
Dimensions 17 cm.
546 ## - LANGUAGE NOTE
Language note In Marathi.
700 1# - ADDED ENTRY--PERSONAL NAME
Personal name Ṭiḷaka, Vināyaka Viṭhṭhala.

No items available.

Powered by Koha